Escape / (Record no. 1239)

MARC details
000 -LEADER
fixed length control field 00996cam a22002773a 4500
005 - DATE AND TIME OF LATEST TRANSACTION
control field 20230908160640.0
020 ## - INTERNATIONAL STANDARD BOOK NUMBER
International Standard Book Number 9780439164528
040 ## - CATALOGING SOURCE
Original cataloging agency OCO
Transcribing agency OCO
Modifying agency JED
-- DLC
Language of cataloging eng
050 00 - LIBRARY OF CONGRESS CALL NUMBER
Classification number PZ7.K837
082 ## - DEWEY DECIMAL CLASSIFICATION NUMBER
Classification number Fic
100 1# - MAIN ENTRY--PERSONAL NAME
Personal name Korman, Gordon.
245 10 - TITLE STATEMENT
Title Escape /
Statement of responsibility, etc. Gordon Korman.
260 ## - PUBLICATION, DISTRIBUTION, ETC.
Place of publication, distribution, etc. New York :
Name of publisher, distributor, etc. Scholastic Inc.,
Date of publication, distribution, etc. 2001.
300 ## - PHYSICAL DESCRIPTION
Extent 132 pages ;
Dimensions 20 cm
Other physical details Illustrations ;
490 0# - SERIES STATEMENT
Series statement Island ;
Volume/sequential designation Book 3
500 ## - GENERAL NOTE
General note "An Apple paperback."
505 ## - FORMATTED CONTENTS NOTE
Formatted contents note R <br/>
520 ## - SUMMARY, ETC.
Summary, etc. Things were bad enough when Luke, Lyssa, Will, J.J., Ian, and Charla were stuck alone on the island. But now they have company�??really bad company. Plus, Will is seriously injured and needs help immediately. Before, escape was something the kids could only
521 ## - TARGET AUDIENCE NOTE
Target audience note 680 <br/>
Source Lexile <br/>
521 ## - TARGET AUDIENCE NOTE
Target audience note R <br/>
Source Raz-Plus <br/>
655 #7 - INDEX TERM--GENRE/FORM
Genre/form data or focus term Adventure fiction.
Source of term gsafd
655 #7 - INDEX TERM--GENRE/FORM
Genre/form data or focus term Children's stories.
Source of term lcsh
906 ## - LOCAL DATA ELEMENT F, LDF (RLIN)
a 7
b cbc
c copycat
d 2
e ncip
f 20
g y-genrareb
942 ## - ADDED ENTRY ELEMENTS (KOHA)
Source of classification or shelving scheme Dewey Decimal Classification
Koha item type Books
Suppress in OPAC No
999 ## -
-- 1239
-- 1239
Holdings
Withdrawn status Lost status Source of classification or shelving scheme Damaged status Not for loan Collection Home library Current library Shelving location Date acquired Total Checkouts Full call number Barcode Date last seen Date last checked out Copy number Price effective from Koha item type
    Dewey Decimal Classification     Juvenile Fiction Footprints International School Library Network Toul Kork Campus Footprints International School Library Network Toul Kork Campus   08/09/2023 1 KOR PZ7 PZ7.K837 FISSE00163 01/22/2024 01/15/2024 1 08/09/2023 Books
    Dewey Decimal Classification     Juvenile Fiction Footprints International School Library Network Toul Kork Campus Footprints International School Library Network Toul Tom Poung Campus   08/09/2023 1 KOR PZ7 PZ7.K837 FIS00374 11/10/2025 10/10/2025 2 08/09/2023 Books